LEADER 03778oam 2200829M 450 001 9910715529303321 005 20191121065733.8 035 $a(CKB)5470000002512764 035 $a(OCoLC)1065827737 035 $a(OCoLC)995470000002512764 035 $a(EXLCZ)995470000002512764 100 $a20070221d1837 ua 0 101 0 $aeng 135 $aurcn||||||||| 181 $ctxt$2rdacontent 182 $cc$2rdamedia 183 $acr$2rdacarrier 200 10$aAdministration of the Executive Departments. Views of the majority. Mr. Wise, from the committee appointed on the 17th of January last, to inquire into the condition of the Executive Departments, &c., made the following report: March 3, 1837. Read, and laid upon the table 210 1$a[Washington, D.C.] :$c[publisher not identified],$d1837. 215 $a1 online resource (557 pages) $ctables 225 1 $aHouse report / 24th Congress, 2nd session. House ;$vno. 194 225 1 $a[United States congressional serial set ] ;$v[serial no. 307] 300 $aNotable witnesses include. 300 $aHenry Alexander Wise, U.S. Representative, Virginia. 300 $aAbijah Mann, Jr., U.S. Representative, New York. 300 $aJames Parker, U.S. Representative, New Jersey. 300 $aHugh Lawson White, U.S. Senator, Tennessee. 300 $aLevi Woodbury, U.S. Secretary of the Treasury. 300 $aSelah R. Hobbie, Assistant Postmaster General. 300 $aJohn Forsyth, U.S. Secretary of State. 300 $aAmos Kendall, U.S. Postmaster General. 300 $aGarrett D. Wall, U.S. Senator, New Jersey. 300 $aJohn Ross, Cherokee Indian Chief. 300 $aViews of the minority, p. 22. 300 $aJournal of the Select Committee of the House of Representatives to Investigate the Executive Departments, p. 86. 300 $aBatch processed record: Metadata reviewed, not verified. Some fields updated by batch processes. 300 $aFDLP item number not assigned. 517 $aAdministration of the Executive Departments. Views of the majority. Mr. Wise, from the committee appointed on the 17th of January last, to inquire into the condition of the Executive Departments, &c., made the following report 606 $aAdministrative procedure 606 $aGovernmental investigations$zUnited States 606 $aExecutive departments 606 $aAdministrative agencies 606 $aImpeachments 606 $aMisconduct in office 606 $aPolitical corruption 606 $aPatronage, Political 606 $aCabinet officers 606 $aWitnesses$zUnited States 606 $aPresidents 608 $aLegislative materials.$2lcgft 615 0$aAdministrative procedure. 615 0$aGovernmental investigations 615 0$aExecutive departments. 615 0$aAdministrative agencies. 615 0$aImpeachments. 615 0$aMisconduct in office. 615 0$aPolitical corruption. 615 0$aPatronage, Political. 615 0$aCabinet officers. 615 0$aWitnesses 615 0$aPresidents. 701 $aCampbell$b Robert Blair$f-1862$pNullifier (SC)$01418681 701 $aLincoln$b Levi$f1782-1868$pAnti-Jackson (MA)$01397466 701 $aWise$b Henry A$g(Henry Alexander),$f1806-1876$pJacksonian (VA)$01397404 801 0$bWYU 801 1$bWYU 801 2$bOCLCO 801 2$bOCLCQ 906 $aBOOK 912 $a9910715529303321 996 $aAdministration of the Executive Departments. Views of the majority. Mr. Wise, from the committee appointed on the 17th of January last, to inquire into the condition of the Executive Departments, &c., made the following report: March 3, 1837. Read, and laid upon the table$93530820 997 $aUNINA LEADER 01548nam 2200349 n 450 001 9910444459303321 005 20231215105208.0 010 $a1-5044-6566-0 035 $a(CKB)5590000000438919 035 $a(NjHacI)995590000000438919 035 $a(EXLCZ)995590000000438919 100 $a20231215d2021 uy 0 101 0 $aeng 135 $aur||||||||||| 181 $ctxt$2rdacontent 182 $cc$2rdamedia 183 $acr$2rdacarrier 200 10$a1036-2020 - IEEE guide for the application of shunt power capacitors /$fIEEE 210 1$a[Place of publication not identified] :$cIEEE,$d2021. 215 $a1 online resource 330 $aThis guide applies to the use of 50 Hz and 60 Hz shunt power capacitors rated 2400 Vac and above, and assemblies of such capacitors. Included are guidelines for the application, protection, and ratings of equipment for the improved safety and reliability in the utilization of shunt power capacitors. The guide is general and intended to be basic and supplemental to specific recommendations of the manufacturer. The guide covers applications that range from simple capacitor unit utilization to complex capacitor bank situations. 606 $aCapacitors 606 $aElectrical engineering 615 0$aCapacitors. 615 0$aElectrical engineering. 676 $a621.315 801 0$bNjHacI 801 1$bNjHacl 906 $aDOCUMENT 912 $a9910444459303321 996 $a1036-2020 - IEEE Guide for the Application of Shunt Power Capacitors$92583774 997 $aUNINA